THEORY OF ELASTICITY (Record no. 32516)

000 -LEADER
fixed length control field 00321nam a22001457a 4500
020 ## - INTERNATIONAL STANDARD BOOK NUMBER
International Standard Book Number 0-07-0701229
082 ## - DEWEY DECIMAL CLASSIFICATION NUMBER
Classification number 531.382
100 ## - MAIN ENTRY--PERSONAL NAME
Personal name TIMOSHENKO, S.P.
245 ## - TITLE STATEMENT
Title THEORY OF ELASTICITY
250 ## - EDITION STATEMENT
Edition statement 3rd
260 ## - PUBLICATION, DISTRIBUTION, ETC.
Place of publication, distribution, etc. New Delhi,
Name of publisher, distributor, etc. Tata McGraw Hilll,
Date of publication, distribution, etc. 2011.
300 ## - PHYSICAL DESCRIPTION
Extent 567p. :
500 ## - GENERAL NOTE
General note Paperback.
942 ## - ADDED ENTRY ELEMENTS (KOHA)
Koha item type Book
Holdings
Withdrawn status Lost status Source of classification or shelving scheme Damaged status Not for loan Permanent Location Current Location Date acquired Total Checkouts Total Renewals Full call number Barcode Date last seen Date last checked out Price effective from Koha item type
          Central Library (CL) Central Library (CL) 09/30/2015 1 2 531.382 TIM SMME-1276 01/02/2023 12/10/2019 09/30/2015 Book
© 2023 Central Library, National University of Sciences and Technology. All Rights Reserved.